59. Jahresbericht des Leitenden Ausschusses des Schweiz : Bauernverbandes sowie des schweizerische Bauernsekretariates
Uložené v:
| Médium: | Kniha |
|---|---|
| Jazyk: | German |
| Vydané: |
Brugg :
Verlag des des schweizerische Bauernsekretariates,
1957.
|
| Vydanie: | 1. Auflage |
| Fyzický popis: |
160 strán. |
| Tagy: |
Pridať tag
Žiadne tagy, Buďte prvý kto otaguje tento záznam!
|
Titul je dostupný aj v ... 

MARC
| LEADER | 00000nam a22000004a 4500 | ||
|---|---|---|---|
| 001 | 000579821 | ||
| 005 | 20200825141845.0 | ||
| 008 | 180514s1957 sz e 000 0 ger d | ||
| 020 | |c Kčs 8,00 |q (brožované) | ||
| 040 | |a SVKKK |b slo |c SVKKK |e rda | ||
| 041 | 0 | |a ger | |
| 044 | |a sz |c CH | ||
| 245 | 0 | 0 | |a 59. Jahresbericht des Leitenden Ausschusses des Schweiz : |b Bauernverbandes sowie des schweizerische |n Bauernsekretariates |
| 250 | |a 1. Auflage | ||
| 264 | 1 | |a Brugg : |b Verlag des des schweizerische Bauernsekretariates, |c 1957. | |
| 300 | |a 160 strán. | ||
| 910 | |a svkkk | ||
| 998 | |a BK | ||
| 090 | |g SCKHL |k Sklad Pribinova 2. posch. |a III.74014 |j 151367 |i 2720535741 |4 Vyradená |s Vyradená | ||